[Event "Zlin Region-chT 2223"]
[Site "Czech Republic"]
[Date "2023.04.02"]
[Round "11.5"]
[White "Horny, Jaroslav"]
[Black "Belunek, Zdenek"]
[Result "0-1"]
[WhiteElo "1798"]
[BlackElo "1911"]
[PlyCount "97"]
[EventDate "2022.10.09"]
[EventType "team-tourn"]
[EventRounds "11"]
[EventCountry "CZE"]
[SourceTitle "EXT 2024"]
[Source "ChessBase"]
[SourceDate "2023.10.10"]
[SourceVersion "1"]
[SourceVersionDate "2023.10.10"]
[SourceQuality "1"]
[WhiteTeam "Valasske Mezirici"]
[BlackTeam "Valasska Bystrice Sokol"]
[WhiteTeamCountry "CZE"]
[BlackTeamCountry "CZE"]

1. e4 e5 2. Nf3 Nc6 3. Bc4 Nf6 4. d3 Be7 5. 0-0 d6 6. h3 Na5 7. Nbd2 0-0 8. c3 a6 9. b4 Nxc4 10. Nxc4 Bd7 11. Ne3 Qc8 12. Kh2 Re8 13. c4 Bf8 14. Bd2 c6 15. Bc3 g6 16. c5 Qc7 17. cxd6 Bxd6 18. Nc4 Nh5 19. g3 Rad8 20. Nxd6 Qxd6 21. Qd2 f6 22. Rad1 Qe6 23. Ng1 Bc8 24. Qe2 Re7 25. Rd2 Ng7 26. Re1 Qf7 27. d4 exd4 28. Rxd4 Rxd4 29. Bxd4 Ne6 30. Bc3 Ng5 31. f3 Qe6 32. g4 h5 33. h4 Nf7 34. gxh5 gxh5 35. f4 Qd6 36. e5 fxe5 37. Qxh5 exf4 38. Rd1 Qe6 39. Rd2 Qf5 40. Rg2+ Kf8 41. Qxf5 Bxf5 42. Rf2 Bb1 43. Bd2 Re4 44. Bxf4 Bxa2 45. Kg3 Be6 46. Nh3 Kg7 47. Bd2 Rg4+ 48. Kf3 Ne5+ 49. Ke2 0-1